000 00611nam a22001817a 4500
008 150713b xxu||||| |||| 00| 0 eng d
020 _a9781570757648
050 _aBJ1249.B47 2008
100 _aBernardin
_917982
245 _aThe Seamless garment
_bwritings on the consistent ethic of life
_c/by Cardinal Joseph L. Bernardin
260 _aNew York
_bOrbis books
_c2008
300 _ax,305p. ;
_c24cm.
650 _aChristian ethic
_xCatholic authors
_917983
650 _aChristian ethics
_917984
650 _aEthics
_917985
650 _aCatholic church and philosophy
_917986
942 _2lcc
_cMONOGRAPH
999 _c122880
_d122880